Paesi europei - Morte improvvisa - Statistics

Statistiche generali
  • Questo quiz è stato fatto 625 volte
  • Il punteggio medio è 10 su 18
Answers on the Grid
Answers color-coded by a green-red scale on the quiz's grid according to % correct below.
Austria
Cipro
Albania
Turchia
Australia
Ordine Bektashi
Città del Vaticano
India
Algeria
Egitto
Siria
Israele
Russia
Armenia
Azerbaigian
Georgia
Grecia
Italia
Malta
Svezia
Kazakistan
Regno Unito
Marocco
Spagna
Canada
Portogallo
Ucraina
Islanda
Polonia
Catalogna
Bielorussia
Estonia
Mongolia
Slovenia
Scozia
Libano
Serbia
Iran
Seychelles
 
Statistiche sulle risposte
Risposta % Corretto
Spagna
63%
Austria
61%
Città del Vaticano
60%
Italia
59%
Grecia
58%
Portogallo
58%
Estonia
57%
Polonia
57%
Slovenia
57%
Regno Unito
55%
Svezia
55%
Albania
54%
Islanda
54%
Serbia
54%
Malta
53%
Ucraina
51%
Bielorussia
49%
Russia
45%
Nessun quiz corrispondente trovato
Distribuzione punteggi
Percentuale di utenti per punteggio
Percentile per numero di risposta
I tuoi punteggi nel tempo
Non hai fatto questo quiz